Jeugdbrandweerkorpsen in Nederland - Statistieken

Algemene statistieken
  • Deze quiz is 8 keer genomen
  • De gemiddelde score is 9 van 154
Antwoordstatistieken
Hint Antwoord % Correct
07 - Gelderland-Midden Ede
50%
08 - Gelderland-Zuid Geldermalsen
50%
08 - Gelderland-Zuid Neder-Betuwe
50%
19 - Zeeland Sint Phillipsland
50%
08 - Gelderland-Zuid Tiel
50%
08 - Gelderland-Zuid Waardenburg
50%
13 - Amsterdam-Amstelland Amstelveen
25%
17 - Rotterdam-Rijnmond Barendrecht
25%
08 - Gelderland-Zuid Beuningen
25%
08 - Gelderland-Zuid Bommelerwaard
25%
08 - Gelderland-Zuid Buren
25%
08 - Gelderland-Zuid Culemborg
25%
02 - Groningen Delfzijl
25%
17 - Rotterdam-Rijnmond Den Bommel
25%
25 - Flevoland Dronten
25%
19 - Zeeland Goes
25%
18 - Zuid-Holland-Zuid Gorinchem
25%
06 - Noord- en Oost Gelderland Harderwijk
25%
08 - Gelderland-Zuid Herwijnen
25%
02 - Groningen Hoogezand-Sappemeer
25%
04 - IJsselland Kampen
25%
11 - Zaanstreek-Waterland Purmerend
25%
20 - Midden en West Brabant Roosendaal
25%
23 - Limburg-Noord Venlo
25%
19 - Zeeland Vlissingen
25%
07 - Gelderland-Midden Wageningen
25%
25 - Flevoland Zeewolde
25%
18 - Zuid-Holland-Zuid Zwijndrechtse Waard
25%
04 - IJsselland Zwolle
25%
18 - Zuid-Holland-Zuid Alblasserdam
0%
10 - Noord-Holland-Noord Alkmaar
0%
05 -Twente Almelo
0%
25 - Flevoland Almere
0%
09 - Utrecht Ameide
0%
09 - Utrecht Amerongen
0%
20 - Midden en West Brabant Amerstreek
0%
06 - Noord- en Oost Gelderland Apeldoorn
0%
18 - Zuid-Holland-Zuid Arkel
0%
03 - Drenthe Assen
0%
22 - Brabant-Zuidoost Asten
0%
12 - Kennemerland Badhoevedorp
0%
09 - Utrecht Benschop
0%
22 - Brabant-Zuidoost Bergeijk
0%
10 - Noord-Holland-Noord Bergen (NH)
0%
12 - Kennemerland Beverwijk
0%
18 - Zuid-Holland-Zuid Binnenmaas
0%
14 - Gooi en Vechtstreek Blaricum
0%
16 - Hollands Midden Bodegraven
0%
09 - Utrecht Breukelen
0%
19 - Zeeland Bruinisse
0%
09 - Utrecht Bunnik
0%
14 - Gooi en Vechtstreek Bussum
0%
03 - Drenthe Coevorden
0%
18 - Zuid-Holland-Zuid Cromstrijden
0%
04 - IJsselland Dalfsen
0%
09 - Utrecht De Bilt
0%
10 - Noord-Holland-Noord Den Burg
0%
05 - Twente Denekamp
0%
04 - IJsselland Deventer
0%
20 - Midden en West Brabant Dongen
0%
09 - Utrecht Driebergen Rijsenburg
0%
20 - Midden en West Brabant Drimmelen
0%
10 - Noord-Holland-Noord Enkhuizen
0%
01 - Friesland Franeker
0%
22 - Brabant-Zuidoost Geldrop
0%
20 - Midden en West Brabant Gilze en Rijen
0%
20 - Midden en West Brabant Goirle
0%
01 - Friesland Gorredijk
0%
16 - Hollands Midden Gouda
0%
21 - Brabant-Noord Grave
0%
09 - Utrecht Hagestein
0%
20 - Midden en West Brabant Halderberge
0%
12 - Kennemerland Halfweg-Zwanenburg
0%
04 - IJsselland Hardenberg
0%
12 - Kennemerland Heemskerk
0%
12 - Kennemerland Heemstede-Bennebroek
0%
10 - Noord-Holland-Noord Heerhugowaard
0%
22 - Brabant-Zuidoost Heeze-Leende
0%
10 - Noord-Holland-Noord Heiloo
0%
21 - Brabant-Noord Heusden
0%
03 - Drenthe Hoogeveen
0%
10 - Noord-Holland-Noord Hoorn
0%
23 - Limburg-Noord Horst aan de Maas
0%
09 - Utrecht Houten
0%
20 - Midden en West Brabant Huijbergen
0%
14 - Gooi en Vechtstreek Huizen
0%
12 - Kennemerland IJmuiden
0%
09 - Utrecht IJsselstein
0%
18 - Zuid-Holland-Zuid Korendijk
0%
16 - Hollands Midden Krimpenerwaard
0%
22 - Brabant-Zuidoost Laarbeek
0%
17 - Rotterdam-Rijnmond Lansingerland
0%
09 - Utrecht Leerdam
0%
25 - Flevoland Lelystad
0%
09 - Utrecht Lexmond
0%
09 - Utrecht Linschoten-Snelrewaard
0%
09 - Utrecht Maarssen
0%
15 - Haaglanden Maasland
0%
17 - Rotterdam-Rijnmond Maassluis
0%
10 - Noord-Holland-Noord Medemblik
0%
09 - Utrecht Meerkerk
0%
03 - Drenthe Meppel
0%
22 - Brabant-Zuidoost Mierlo
0%
09 - Utrecht Mijdrecht
0%
20 - Midden en West Brabant Moerdijk
0%
15 - Haaglanden Monster
0%
09 - Utrecht Montfoort
0%
15 - Haaglanden Naaldwijk
0%
23 - Limburg-Noord Nederweert
0%
16 - Hollands Midden Nieuwerkerk aan den IJssel
0%
06 - Noord- en Oost Gelderland Nijkerk
0%
05 -Twente Nijverdal
0%
25 - Flevoland Noordoostpolder
0%
22 - Brabant-Zuidoost Oirschot
0%
20 - Midden en West Brabant Oisterwijk
0%
02 - Groningen Oldambt
0%
06 - Noord- en Oost Gelderland Oost Gelre
0%
10 - Noord-Holland-Noord Opmeer
0%
21 - Brabant-Noord Oss
0%
18 - Zuid-Holland-Zuid Oud-Beijerland
0%
17 - Rotterdam-Rijnmond Ouddorp
0%
09 - Utrecht Oudewater
0%
18 - Zuid-Holland-Zuid Papendrecht
0%
15 - Haaglanden Pijnacker-Nootdorp
0%
06 - Noord- en Oost Gelderland Putten-Ermelo
0%
07 - Gelderland-Midden Renkum
0%
07 - Gelderland-Midden Rheden
0%
12 - Kennemerland Rijsenhout
0%
17 - Rotterdam-Rijnmond Rotterdam-Zuid
0%
17 - Rotterdam-Rijnmond Rozenburg
0%
07 - Gelderland-Midden Scherpenzeel
0%
24 - Zuid-Limburg Schinnen
0%
18 - Zuid-Holland-Zuid Sliedrecht
0%
17 - Rotterdam-Rijnmond Spijkenisse
0%
20 - Midden en West Brabant Steenbergen
0%
09 - Utrecht Utrecht
0%
09 - Utrecht Veenendaal
0%
19 - Zeeland Veere
0%
22 - Brabant-Zuidoost Veldhoven
0%
09 - Utrecht Vinkeveen
0%
17 - Rotterdam-Rijnmond Vlaardingen
0%
21 - Brabant-Noord Vught
0%
22 - Brabant-Zuidoost Waalre
0%
02 - Groningen Westerkwartier
0%
19 - Zeeland Westerschouwen
0%
11 - Zaanstreek-Waterland Zaanstad
0%
12 - Kennemerland Zandvoort
0%
19 - Zeeland Zeeuws-Vlaanderen
0%
09 - Utrecht Zeist
0%
07 - Gelderland-Midden Zevenaar
0%
16 - Hollands Midden Zevenhuizen-Moerkapelle
0%
19 - Zeeland Zierikzee
0%
02 - Groningen Zuid-Grunn
0%
06 - Noord- en Oost Gelderland Zutphen
0%
Geen overeenkomende quizzen gevonden
Scoreverdeling
Procent van Mensen met Elke Score
Percentiel versus Aantal Correcte Antwoorden
Uw Scoregeschiedenis
U heeft deze quiz nog niet genomen